Poznáte padělek bankovky?

Salvato in:
Dettagli Bibliografici
Autore principale: Pekárek, Jiří
Natura: Libro
Lingua:ceco
Pubblicazione: Praha Pragoeduca 2000
Soggetti:
Tags: Aggiungi Tag
Nessun Tag, puoi essere il primo ad aggiungerne!!

MARC

LEADER 00000nam$a2200000$$$4500
001 0007777
005 20221129101138.5
020 |a 80-85856-84-0 
041 0 |a cze 
044 |a CZ 
245 1 0 |a Poznáte padělek bankovky?  |c Jiří Pekárek 
264 1 |a Praha  |b Pragoeduca  |c 2000 
300 |a 78 s. 
610 2 0 |a bankovky 
610 2 0 |a peniaze 
610 2 0 |a falzifikáty 
610 2 0 |a mince 
610 2 0 |a štátovky 
610 2 0 |a história 
610 2 0 |a dolár 
100 1 |a Pekárek, Jiří